| 000 | 00462nam a2200205Ia 4500 | ||
|---|---|---|---|
| 003 | OSt | ||
| 005 | 20220923212010.0 | ||
| 006 | a|||||r|||| 00| 0 | ||
| 007 | ta | ||
| 008 | Pun | ||
| 024 | _a137,312 | ||
| 037 | _cTextual | ||
| 040 |
_aARTS _cARTS _bPun |
||
| 041 |
_2Pun _aPun |
||
| 082 | _aX:3M24, 153K9 | ||
| 245 | 0 | _aਜੁਗਾਂ ਜੇਡੀ ਛਾਲ | |
| 260 | _c1969 | ||
| 942 |
_hX:3M24, 153K9 _cTEXL _2CC |
||
| 999 |
_c305323 _d305323 |
||